L'innovation: Pour une morale du changement
Gespeichert in:
| 1. Verfasser: | |
|---|---|
| Format: | Buch |
| Sprache: | Undetermined |
| Veröffentlicht: |
Paris
L'usine Nouvelle
1971
|
| Schlagworte: | |
| Tags: |
Tag hinzufügen
Keine Tags, Fügen Sie den ersten Tag hinzu!
|
| Thư viện lưu trữ: | Trung tâm Học liệu Trường Đại học Cần Thơ |
|---|
| LEADER | 00511nam a2200193Ia 4500 | ||
|---|---|---|---|
| 001 | CTU_86704 | ||
| 008 | 210402s9999 xx 000 0 und d | ||
| 082 | |a 363 | ||
| 082 | |b C949 | ||
| 100 | |a Cros, Andre Teissier du | ||
| 245 | 0 | |a L'innovation: | |
| 245 | 0 | |b Pour une morale du changement | |
| 245 | 0 | |c Andre Teissier du Cros | |
| 260 | |a Paris | ||
| 260 | |b L'usine Nouvelle | ||
| 260 | |c 1971 | ||
| 650 | |a Society problems | ||
| 904 | |i Năm | ||
| 980 | |a Trung tâm Học liệu Trường Đại học Cần Thơ | ||